000 00509nam a2200181Ia 4500
001 5080
005 20260306145842.0
008 260306t1997||||xx |||||||||||||| ||spa||
041 _aESP
082 _a332.678
_bS24
100 _aSánchez Ygreda, Luis V.
_eAUT
245 0 _aFormulación de proyectos de inversión. Elementos de estudio:
_bGuía para instituciones privadas, públicas y gobiernos locales
260 _c1997
300 _a
_c
650 _aGEN
654 _aCAN
942 _cLIB
_dJUS
_fJUS
_2ddc
_n
999 _c5080
_d5080